00000000nam 2200000zi 4500
0019.922263
003CaOODSP
00520230504120105
006m     o  d f      
007cr |n|||||||||
008230504t19971997onca    o    f000 0 fre d
020 |z0662629655
040 |aCaOODSP|bfre|erda|cCaOODSP
043 |an-cn---
0861 |aC2-323/1997F-PDF|zC2-323/1997
24500|aVos dessins, vos oeuvres de création et vos innovations sont-ils protégés?
264 1|a[Ottawa] : |bIndustrie Canada = Industry Canada, |c[1997]
264 4|c©1997
300 |a1 ressource en ligne (5 pages non numérotées) : |billustrations
336 |atexte|btxt|2rdacontent/fre
337 |ainformatique|bc|2rdamedia/fre
338 |aressource en ligne|bcr|2rdacarrier/fre
500 |aÉdition numérisée de l'imprimé [par Innovation, Sciences et Développement économique Canada].
500 |aPublié aussi en anglais sous le titre : Are your designs, business innovations, and creative works protected?
650 6|aPropriété intellectuelle|zCanada.
650 6|aPatrimoine culturel|xProtection|zCanada.
650 6|aEntreprises autochtones|zCanada.
7101 |aCanada. |bIndustrie Canada, |eorganisme de publication.
77508|tAre your designs, business innovations, and creative works protected?|w(CaOODSP)9.922262
85640|qPDF|s681 Ko|uhttps://publications.gc.ca/collections/collection_2023/isde-ised/c2/C2-323-1997-fra.pdf